<?xml version="1.0" encoding="UTF-8"?>
<marc:record xmlns:marc="http://www.loc.gov/MARC21/slim">
   <marc:leader>00000nam a2200000 a 4500</marc:leader>
   <marc:datafield ind1="1" ind2=" " tag="100">
      <marc:subfield code="a">Gillespie, Jacqueline</marc:subfield>
      <marc:subfield code="4">aut</marc:subfield>
      <marc:subfield code="e">Verfasser/-in</marc:subfield>
   </marc:datafield>
   <marc:datafield ind1="0" ind2="0" tag="245">
      <marc:subfield code="a">Schade um die Lebenden</marc:subfield>
   </marc:datafield>
   <marc:datafield ind1="0" ind2="0" tag="245">
      <marc:subfield code="b">ein Schneeberg-Krimi</marc:subfield>
   </marc:datafield>
   <marc:datafield ind1=" " ind2="1" tag="264">
      <marc:subfield code="b">Haymon-Taschenbuch</marc:subfield>
      <marc:subfield code="c">2013</marc:subfield>
   </marc:datafield>
   <marc:datafield ind1="1" ind2=" " tag="520">
      <marc:subfield code="a">Schade ist es um die Lebenden ? die Toten haben es ohnehin schon hinter sich. So trösten sich die Hinterbliebenen von Charlotte von Schwarz, die im Anwesen der Familie am Schneeberg bei Wien ermordet wurde. Das bedeutet Arbeit für den Wiener Polizeijuristen Dr. Patrick Sandor. Und auch eine alteingesessene Hobbydetektivin setzt all ihre Menschenkenntnis ein, um dem Täter auf die Spur zu kommen. Jacqueline Gillespies bezaubernd unterhaltsamer Krimi führt in ein kleines Dorf am Fuße des Wiener Hausbergs und zeichnet ein liebevolles und authentisches Porträt des Lebens dort. Obwohl nicht weit von Wien entfernt, scheint hier die Zeit stehengeblieben und die Welt noch in Ordnung zu sein ? doch der Schein trügt ... (Verlagstext)</marc:subfield>
   </marc:datafield>
   <marc:datafield ind1=" " ind2=" " tag="020">
      <marc:subfield code="a">9783852189185</marc:subfield>
      <marc:subfield code="9">9783852189185</marc:subfield>
   </marc:datafield>
</marc:record>
